000 00676nam a2200205Ii 4500
003 JO-AjNU
008 230605s9999||||xx |||||||||||||| ||und||
040 _aJO-AjNU
_bara
_erda
_cJO-AjNU
041 _aara
050 1 4 _aBP189.6 2002
100 3 _aالحافظ، ملك,
_eauthor
_938904
245 0 0 _aرسائل حب، ج2
264 3 1 _aدمشق:دار غار حراء طباعة نشر توزيع ،2003
300 _aج2، 123ص
_bالجزء الثاني من كتاب رأيت الله
336 _atext
_btxt
_2rdacontent
337 _aunmediated
_bn
_2rdamedia
338 _avolume
_bnc
_2rdacarrier
490 0 _aمناجاة الله
650 4 _aتصوف
_938905
999 _aA16386
_c19954
_d19954